Größte Deutsche Städte ohne Professionelle Frauenfußballmannschaft - Statistiken

Allgemein
  • Dieses Quiz wurde 154 mal gespielt
  • Das Durchschnittsergebnis liegt bei 15 aus 20
Antwortstatistiken
Liga Bevölkerung Antwort % Korrekt
Nicht in 1. Bundesliga 3.755M Berlin
95%
Nicht in 1. oder 2. Bundesliga 3.775M Berlin
95%
Nicht in 1. Bundesliga 1.892M Hamburg
93%
Nicht in 1. Bundesliga 593k Dortmund
85%
Nicht in 1. oder 2. Bundesliga 593k Dortmund
85%
Nie in 1. Bundesliga 593k Dortmund
85%
Nicht in 1. oder 2. Bundesliga 563k Dresden
81%
Nie in 1. Bundesliga 563k Dresden
81%
Nie in 1. oder 2. Bundesliga 563k Dresden
81%
Nicht in 1. Bundesliga 633k Stuttgart
81%
Nicht in 1. oder 2. Bundesliga 633k Stuttgart
81%
Nie in 1. Bundesliga 633k Stuttgart
81%
Nie in 1. oder 2. Bundesliga 633k Stuttgart
81%
Nicht in 1. Bundesliga 629k Düsseldorf
77%
Nicht in 1. oder 2. Bundesliga 629k Düsseldorf
77%
Nie in 1. Bundesliga 629k Düsseldorf
77%
Nie in 1. oder 2. Bundesliga 629k Düsseldorf
77%
Nie in 1. oder 2. Bundesliga 336k Bonn
42%
Nie in 1. Bundesliga 359k Wuppertal
38%
Nie in 1. oder 2. Bundesliga 359k Wuppertal
38%
Keine übereinstimmenden Quizze gefunden
Verteilung der Resultate
Anzahl Personen mit jedem Resultat
Perzentil nach korrekt beantworteten Fragen
Ihre Resultats-Entwicklung
Sie haben dieses Quiz noch nicht gespielt